| 000 | 00784nam a2200241 a 4500 | ||
|---|---|---|---|
| 001 | 000019472 | ||
| 005 | 20200929170028.0 | ||
| 008 | 100629s2005 sp 000 0 spa d | ||
| 020 | _a8497647653 | ||
| 040 |
_aDO-SdBNP _bspa _cBNPHU |
||
| 082 |
_a928.1 _bM466F |
||
| 100 | 1 |
_aFeito, María Teresa _941828 |
|
| 245 | 1 | 0 |
_aLouisa May Alcott / _cMaría Teresa Feito. |
| 260 |
_aMadrid : _bEdimat Libros, _c2005. |
||
| 300 |
_a189 p. ; _c23 cm. |
||
| 490 | 1 | _aMujeres en la historia | |
| 500 | _aIncluye datos biográficos del autor en la solapa de la cubierta | ||
| 504 | _aIncluye referencias bibliográficas ( p. 189) | ||
| 600 | 1 | 4 |
_aALCOTT, LOUISA MAY, _d1832-1888 _93958 |
| 650 | 4 |
_aLiteratura estadounidense _9263 |
|
| 830 | 0 |
_aMujeres en la historia _941760 |
|
| 049 | _aBNPD | ||
| 999 |
_c18988 _d18988 |
||